Alameda County, California 5 Digit ZIP (Map) - Statistics

General Stats
  • This quiz has been taken 11 times
  • The average score is 18 of 51
Answers on the Map
Answers color-coded by a green-red scale on the quiz's map according to % correct below.
 
Answer Stats
ZIP Code % Correct
94536
67%
94546
67%
94501
50%
94502
50%
94544
50%
94568
50%
94586
50%
94720
50%
94538
33%
94539
33%
94541
33%
94542
33%
94545
33%
94550
33%
94551
33%
94552
33%
94555
33%
94560
33%
94566
33%
94577
33%
94578
33%
94579
33%
94580
33%
94587
33%
94588
33%
94601
33%
94602
33%
94603
33%
94603
33%
94605
33%
94606
33%
94607
33%
94608
33%
94609
33%
94610
33%
94611
33%
94612
33%
94618
33%
94621
33%
94702
33%
94703
33%
94704
33%
94705
33%
94705
33%
94706
33%
94707
33%
94708
33%
94709
33%
94710
33%
94613
17%
94619
17%
No matching quizzes found
Score Distribution
Percent of People with Each Score
Percentile by Number Answered
Your Score History
You have not taken this quiz